History Quiz

Random History or Letter Quiz

Time Person of the Year per Letter Quiz Stats

 Plays Quiz Updated Dec 11, 2018

Challenge
Share
Tweet
Embed
Score 0/23 Timer 06:00
0 Plays Today
Letter Person of the Year % Correct
OBarack Obama
89%
CJimmy Carter, Walter Chrysler, Winston Churchill...
87.5%
BBaby Boomers, George H.W. Bush, George W. Bush...
84%
RRonald Reagan, Franklin D. Roosevelt
80.1%
KJohn F. Kennedy, Nikita Khrushchev, Martin Luther King, Jr....
72.3%
HAdolf Hitler, David Ho, The Hungarian Freedom Fighter
68.3%
NRichard Nixon
65.9%
JHugh Samuel Johnson, Lyndon B. Johnson, Pope John Paul II...
60.8%
EDwight D. Eisenhower, Elizabeth II, The Endangered Earth, Ebola fighters
58.4%
GMohandas Gandhi, Newt Gingrich, Mikhail Gorbachev...
54%
THarry Truman, Donald Trump, Ted Turner
53.9%
SHaile Selassie I, Wallis Simpson, Joseph Stalin...
45.6%
Letter Person of the Year % Correct
YYou, Owen D. Young
41.6%
ZMark Zuckerberg
26.6%
PThe Peacemakers, Vladimir Putin
25%
WLech Walesa, William Westmoreland, The Whistleblowers
12.9%
DCharles de Gaulle, John Foster Dulles
12.9%
MGeorge Marshall, Soong May-ling, Mohammad Mossadegh...
12.6%
AKonrad Adenauer, Yuri Andropov, The Apollo 8 Astronauts...
12.1%
XDeng Xiaoping
10.7%
LPierre Laval, Charles Lindbergh
9.7%
FKing Faisal, Pope Francis
8.4%
UPeter Ueberroth
3.3%

You're not logged in!

Compare scores with friends on all Sporcle quizzes.
OR
Log In

You Might Also Like...

Show Comments

Extras

Top Quizzes Today


Score Distribution

Your Account Isn't Verified!

In order to create a playlist on Sporcle, you need to verify the email address you used during registration. Go to your Sporcle Settings to finish the process.

Report this User

Report this user for behavior that violates our Community Guidelines.

Details: